[Event "Creon op"]
[Site "Creon"]
[Date "1998.??.??"]
[Round "7"]
[White "Levieux, Pascal"]
[Black "Happel, Hendrik A"]
[Result "1/2-1/2"]
[WhiteElo "2055"]
[BlackElo "2195"]
[PlyCount "58"]
[EventDate "1998.??.??"]
[Source "www.chesslib.no"]
[SourceDate "2004.05.04"]

1. d4 d5 2. c4 c6 3. cxd5 cxd5 4. Nf3 Nf6 5. Nc3 Nc6 6. Bf4 g6 7. e3 Bg7 8. Ne5 O-O 9. Nxc6 bxc6 10. Bd3 Nd7 11. O-O e5 12. dxe5 Nxe5 13. Be2 Bf5 14. Rc1 Rb8 15. b3 Qf6 16. Na4 Rbd8 17. Qd2 Rfe8 18. Rfd1 d4 19. exd4 Ng4 20. h3 Nxf2 21. Kxf2 Rxd4 22. Qxd4 Qh4+ 23. g3 Bxd4+ 24. Rxd4 Qxh3 25. Bf3 Qh2+ 26. Bg2 Bh3 27. Rg1 Bxg2 28. Rxg2 Qh5 29. Be3 Qe5 1/2-1/2

[Event "12th Open Ljubljana SLO"]
[Site "?"]
[Date "2001.??.??"]
[Round "9"]
[White "Krasevec, V."]
[Black "Krzisnik, R."]
[Result "0-1"]
[WhiteElo "2005"]
[BlackElo "2230"]
[PlyCount "40"]
[EventDate "2001.??.??"]
[Source "www.chesslib.no"]
[SourceDate "2004.05.04"]

1. d4 Nf6 2. c4 g6 3. Nc3 d5 4. cxd5 Nxd5 5. Nf3 Bg7 6. Nxd5 Qxd5 7. g3 Bf5 8. Bg2 Be4 9. O-O O-O 10. Be3 Nc6 11. Qd2 Rfd8 12. Rfd1 e5 13. dxe5 Qb5 14. a4 Qb3 15. Nd4 Nxd4 16. Bxd4 Bxg2 17. Kxg2 c5 18. Ra3 Qd5+ 19. e4 Qxe4+ 20. f3 Qxd4 0-1

[Event "Landesliga S Bayern 9596"]
[Site "GER"]
[Date "1996.??.??"]
[Round "?"]
[White "Luft, Martin"]
[Black "Otte, Lars"]
[Result "1/2-1/2"]
[WhiteElo "2105"]
[BlackElo "2125"]
[PlyCount "109"]
[EventDate "1995.10.??"]
[Source "www.chesslib.no"]
[SourceDate "2004.05.04"]

1. Nf3 Nf6 2. c4 g6 3. Nc3 d5 4. cxd5 Nxd5 5. d4 Bg7 6. Qb3 Nb6 7. Bg5 O-O 8. e3 c6 9. Be2 Be6 10. Qc2 a5 11. O-O Na6 12. a3 Nc7 13. Na4 Nxa4 14. Qxa4 Nd5 15. Qc2 Nb6 16. Rac1 Re8 17. Bf4 Bg4 18. h3 Bxf3 19. Bxf3 Nd5 20. Bg3 e6 21. Qb3 Qd7 22. Rfd1 Ne7 23. Rc5 Nf5 24. Bf4 Bf8 25. Rcc1 Bg7 26. Qa4 Qd8 27. Qb3 Qd7 28. Qb6 a4 29. Qc5 Qd8 30. Qb4 Qd7 31. Rc4 Bf8 32. Qd2 Nd6 33. Bxd6 Bxd6 34. Qc2 Qc7 35. Rxa4 Rxa4 36. Qxa4 Rd8 37. Qc2 e5 38. d5 cxd5 39. Qxc7 Bxc7 40. Bxd5 b6 41. e4 Bd6 42. Rc1 Rd7 43. Rc6 Bc5 44. a4 Ra7 45. b3 Bd4 46. Bc4 Kg7 47. g3 h6 48. Kg2 g5 49. Rd6 Bc5 50. Rd5 f6 51. Rd8 Rc7 52. Rd5 Kg6 53. Kf3 Bd4 54. Ke2 Bc5 55. Rd8 1/2-1/2